Idea de la política y otros escritos / (Record no. 70175)

MARC details
000 -LEADER
campo de control de longitud fija 00649nam a2200205 i 4500
001 - NÚMERO DE CONTROL
campo de control 70175
003 - IDENTIFICADOR DE NÚMERO DE CONTROL
campo de control ES-MaACL
005 - FECHA Y HORA DE LA ÚLTIMA TRANSACCIÓN
campo de control 20230906170735.0
007 - CAMPO FIJO DE DESCRIPCIÓN FÍSICA--INFORMACIÓN GENERAL
campo de control de longitud fija t|
008 - DATOS DE LONGITUD FIJA--INFORMACIÓN GENERAL
campo de control de longitud fija 040719s1983 sp ||||1| spa d
100 1# - ENTRADA PRINCIPAL--NOMBRE DE PERSONA
Nombre de persona García-Pelayo, Manuel.
9 (RLIN) 55092
245 10 - MENCIÓN DEL TÍTULO
Título Idea de la política y otros escritos /
Mención de responsabilidad, etc. M. García Pelayo.
260 ## - PUBLICACIÓN, DISTRIBUCIÓN, ETC.
Lugar de publicación, distribución, etc. Madrid :
Nombre del editor, distribuidor, etc. Centro de Estudios Constitucionales,
Fecha de publicación, distribución, etc. 1983.
300 ## - DESCRIPCIÓN FÍSICA
Extensión XII, 291 p. ;
Dimensiones 21 cm.
490 1# - MENCIÓN DE SERIE
Mención de serie Estudios políticos
710 2# - ENTRADA AGREGADA--NOMBRE DE ENTIDAD CORPORATIVA
Nombre de entidad corporativa o nombre de jurisdicción como elemento de entrada Centro de Estudios Constitucionales (España)
9 (RLIN) 2618
830 0# - PUNTO DE ACCESO ADICIONAL DE SERIE-TÍTULO UNIFORME
Título uniforme Estudios políticos
9 (RLIN) 180572
852 ## - LOCALIZACIÓN
Ubicación ES-MaACL
Número de control de estantería L-7460
Sublocalización o colección R.108219
Holdings
Estatus retirado Estado de pérdida Estado de daño No para préstamo Biblioteca de origen Biblioteca actual Ubicación en estantería Fecha de adquisición Fuente de adquisición Total de préstamos Signatura topográfica completa Código de barras Visto por última vez Precio de reemplazo Tipo de ítem Koha
        Biblioteca del Ateneo de Madrid Biblioteca del Ateneo de Madrid Depósito 2 17/01/2008     L-7460 1073483 23/02/2023 23/02/2023 Libro impreso